000 00577nam a2200205Ia 4500
003 GCL
008 140319s9999 xx 000 0 ara d
040 _aGCL /
_cGCL
082 0 4 _a155
_bر د
100 1 _aريمرز، هـ . هـ
245 1 0 _aدعنا نفهم الشباب /
_cريمرز، هـ . هـ
700 1 _aهاكيت, س.ج
700 1 _aعطية محمود هنا (مترجم)
650 0 4 _aالاطفال
650 0 4 _aعلم النفس
650 0 4 _aالمراهقون
650 0 4 _aالنمو
650 0 4 _aمشكلات النمو
942 _2ddc
_cBK
999 _c38694
_d38694